000 00260nam a22001097a 4500
082 _a200
100 _aChatterjee , S. C.
_980246
245 _aNyaya Theory of Knowledge
260 _aDelhi
_bBharatiya Kala Pra
_c2018
650 _aReligion
_980247
942 _cBK
999 _c63670
_d63670